Progressive word studies : Intermediate and advanced grades

Book is complete spelling book in English

Kaydedildi:
Detaylı Bibliyografya
Yazar: Hunt, Jasper Newton
Materyal Türü: Kitap
Dil:Undetermined
Baskı/Yayın Bilgisi: New York American Book Company 1927
Konular:
Etiketler: Etiketle
Etiket eklenmemiş, İlk siz ekleyin!
Thư viện lưu trữ: Trung tâm Học liệu Trường Đại học Cần Thơ
LEADER 00681nam a2200217Ia 4500
001 CTU_220514
008 210402s9999 xx 000 0 und d
082 |a 421.54 
082 |b H939 
100 |a Hunt, Jasper Newton 
245 0 |a Progressive word studies : 
245 0 |b Intermediate and advanced grades 
245 0 |c Jasper Newton Hunt 
260 |a New York 
260 |b American Book Company 
260 |c 1927 
520 |a Book is complete spelling book in English 
650 |a Tiếng Anh,English language 
650 |x Chính tả và đánh vần,Orthography and spelling 
904 |i Nguyên 
980 |a Trung tâm Học liệu Trường Đại học Cần Thơ